UBT Library

OPERATIVE GYNECOLOGY (Record no. 59929)

000 -LEADER
fixed length control field 00308nam a22001337a 4500
008 - FIXED-LENGTH DATA ELEMENTS--GENERAL INFORMATION
fixed length control field 230612b ||||| |||| 00| 0 eng d
041 ## - LANGUAGE CODE
Language code of text/sound track or separate title eng
080 ## - UNIVERSAL DECIMAL CLASSIFICATION NUMBER
Edition identifier 2ND EDITION
Universal Decimal Classification number 618
082 ## - DEWEY DECIMAL CLASSIFICATION NUMBER
Classification number 618LIN
100 ## - Rafti
Rafti 15
101 ## - Shkurtesa
Shkurtesa GJINKEKOLOGJI
245 ## - TITLE STATEMENT
Title OPERATIVE GYNECOLOGY
Statement of responsibility, etc LINDE.TE.W.R
942 ## - ADDED ENTRY ELEMENTS (KOHA)
Source of classification or shelving scheme
Item type Books
Holdings
Withdrawn status Lost status Source of classification or shelving scheme Damaged status Not for loan Collection code Permanent location Current location Date acquired Total Checkouts Full call number Barcode Date last seen Price effective from Koha item type
          Koleksioni i përgjithshem UBT - Lipjan UBT - Lipjan 06/12/2023   618LIN 002-800080514 06/12/2023 06/12/2023 Books
UBT Library © 2015-2024. All rights reserved University Education for Business and Technology